Virtual Water Potential of Selected Commodities in Co-operation of the Slovak Republic with Countries of the Western Balkans

Iniciatíva EÚ na prehĺbenie vzájomnej spolupráce s balkánskymi krajinami. Naliehavosť riešiť otázky trvalo udržateľného rozvoja v medzinárodnom prostredí. Analýza obchodných charakteristík založených na koncepte vodnej stopy.

Salvato in:
Dettagli Bibliografici
Autore principale: Zorkóciová, Otília, 1954-
Altri autori: Čiderová, Denisa, 1977-, Sluka, Tatiana, 1996-
Natura: Capitolo di libro
Lingua:inglese
Soggetti:
Tags: Aggiungi Tag
Nessun Tag, puoi essere il primo ad aggiungerne!!

MARC

LEADER 00000naa a2200000 4500
001 0280874
005 20240502083859.2
041 0 |a eng 
044 |a CZ 
245 1 0 |a Virtual Water Potential of Selected Commodities in Co-operation of the Slovak Republic with Countries of the Western Balkans  |c Otília Zorkóciová, Denisa Čiderová, Tatiana Sluka 
520 |a Iniciatíva EÚ na prehĺbenie vzájomnej spolupráce s balkánskymi krajinami. Naliehavosť riešiť otázky trvalo udržateľného rozvoja v medzinárodnom prostredí. Analýza obchodných charakteristík založených na koncepte vodnej stopy. 
610 2 0 |a rozvoj trvalo udržateľný 
610 2 0 |a spolupráca medzinárodná 
610 2 0 |a voda 
610 2 0 |a ekológia 
610 2 0 |a obchod medzinárodný 
610 2 0 |a Balkán 
610 2 0 |a Slovensko 
100 1 |a Zorkóciová, Otília, 1954- 
700 1 |a Čiderová, Denisa, 1977- 
700 1 |a Sluka, Tatiana, 1996-